| 000 | 00453nam a2200169Ia 4500 | ||
|---|---|---|---|
| 008 | 210423s2004 xx 000 0 und d | ||
| 020 | _a9788131500514 | ||
| 041 | _aeng | ||
| 082 | _a543 SKOD | ||
| 100 | _aSKOOG (Douglas A);others. | ||
| 245 | _aFundamentals of analytical chemistry. | ||
| 250 | _a8 | ||
| 260 |
_aNew Delhi _bCengage Learning _c2004 |
||
| 300 |
_axix,1051 _bPB |
||
| 365 | _cINR | ||
| 906 | _aanalytical ; chemistry. ; Fundamentals | ||
| 999 |
_c154983 _d154983 |
||